000 00347 a2200157 4500
001 150874
040 _cEscola São Tomás de Aquino
100 _aRIBEIRO, Jonas
240 1 0 _aMetade de uma rosa
_lpor
245 1 0 _aMetade de uma rosa
300 _a21
362 0 _a2007
440 1 _aEditora do Brasil
697 _aPsicologia
942 _cBK
999 _c150874
_d150874